000 00990nas a2200289 a 4500
003 OSt
005 20260311111535.0
007 ta
008 260311d1975 |||qn|g|r|||| 00| spa d
022 _a0304-0100
040 _aCHAP
090 _aRevista
110 0 _aInstituto Interamericano de Ciencias Agrícolas
_959208
210 1 _aIICA Am.
222 _aIICA América
245 _aEl IICA en América :
_bboletín sobre el desarrollo rural
246 1 1 _aInstituto Interamericano de Ciencias Agrícolas
260 _aTurrialba, Costa Rica :
_bInstituto Interamericano de Ciencias Agrícolas,
_c1975-
300 _av.
310 _aTrimestral
500 _aEmpezo en 1975
501 _aEditado también en inglés : IICA in the Americans ISSN 0250-5959
650 0 4 _aAgricultura
_zAmérica Latina
_91911
650 0 4 _aAgricultura
_xAmérica Latina
_xInvestigación
_9137294
711 _aInstituto Interamericano de Cooperación para la Agricultura
_9191647
942 _2ddc
999 _c233149
_d233149